000 01222nam a22003497a 4500
003 CHAP
005 20220817044502.0
008 111003s2010 mx r 00010 spa d
010 _a102296
011 _a103268
035 _a113957
040 _cCHAP
090 _aTesis
100 1 _aMateo Aviléz, Pedro.
_972915
245 1 0 _aComportamiento reproductivo de la lombriz (Eisenia foetida Sav.) en estiércol de bovino precomposteado con adición de olote
_c/por Pedro Mateo Aviléz
260 _aCocula, Gro. :
_bEl autor,
_c2010
300 _avi, 57 h. :
_bilus.
502 _aTesis (Ing. Agr. Fitotecnista) -- CSAEGRO. Centro de Estudios Profesionales
590 _aALEPH
_b10
_c20130110
_lUCH01
_h1542
590 _aBATCH-UPD
_b10
_c20130110
_lUCH01
_h1059
590 _aBATCH-UPD
_b10
_c20130410
_lUCH01
_h0653
590 _aBATCH-UPD
_b10
_c20130914
_lUCH01
_h1021
590 _aCONVERSION
_b10
_c20130109
_lUCH01
_h1356
650 1 4 _aCompost.
_926105
650 1 4 _aEisenia foetida.
_935829
650 1 4 _aEstiércol de vaca.
_938326
650 1 4 _aLombrices de tierra.
_967520
650 1 4 _aOlote.
901 _aBK
942 _cTESIS
949 _aTesis
_bBC
_cTES
_d33724002302900
_eTS1
_gDonaciØn
_h52786
_i113957
_sb
999 _c102296
_d102296